000 00832cam a22001814a 4500
005 20250605164143.0
008 250528s ||||||||||||||||||||||||d
035 _a19037
040 _aGR-AtMCL
_bgre
_dGR-AtMCL
_eAACR2
245 1 _aΕιδική Διδακτική Ζωγραφικής
260 _bΑθήνα,
_c1987
300 _a488
520 _aΠρόλογος, Εισαγωγή, Θεματολογικοί Χώροι, Συμμετοχές (Απλές και Πολλαπλές), Απ'το Βιβλίο μου ''Η Ζωγραφική στα Σχολεία'', Κατάλογος Έγχρωμων Εικόνων, Εισήγηση Αισθητικής Αγωγής, Βιβλιογραφία, Περιεχόμενα.
700 1 _aΜουζάκης Τάσος
_95311
942 _cBK
999 _c4322
_d4322